000 00305nam a22001457a 4500
008 210311b ||||| |||| 00| 0 eng d
020 _a9780816059294
041 _aeng
080 _a91
082 _a91
100 _a42
101 _aGJEO
245 _aEcosystem Deserts
_cAllaby, M
942 _2udc
_cBK
999 _c56407
_d56407